Black Elk speaks : (Record no. 453)
[ view plain ]
| 000 -LEADER | |
|---|---|
| fixed length control field | 00923cam a2200241 4500 |
| 001 - CONTROL NUMBER | |
| control field | 608 |
| 005 - DATE AND TIME OF LATEST TRANSACTION | |
| control field | 20181127161730.0 |
| 008 - FIXED-LENGTH DATA ELEMENTS--GENERAL INFORMATION | |
| fixed length control field | 000317s2000 nbuabf s001 0aeng |
| 010 ## - LIBRARY OF CONGRESS CONTROL NUMBER | |
| LC control number | 00036382 |
| 020 ## - INTERNATIONAL STANDARD BOOK NUMBER | |
| International Standard Book Number | 0803213093 (cloth : alk. paper) |
| International Standard Book Number | 0803261705 (pbk. : alk. paper) |
| 043 ## - GEOGRAPHIC AREA CODE | |
| Geographic area code | np----- |
| 100 0# - MAIN ENTRY--PERSONAL NAME | |
| Personal name | Black Elk, |
| Dates associated with a name | 1863-1950. |
| 245 10 - TITLE STATEMENT | |
| Title | Black Elk speaks : |
| Remainder of title | being the life story of a holy man of the Oglala Sioux / |
| Statement of responsibility, etc. | by Nicholas Black Elk, as told through John G. Neihardt ; foreword by Vine Deloria, Jr. ; with illustrations by Standing Bear. |
| 260 ## - PUBLICATION, DISTRIBUTION, ETC. | |
| Place of publication, distribution, etc. | Lincoln : |
| Name of publisher, distributor, etc. | University of Nebraska Press, |
| Date of publication, distribution, etc. | 1988. |
| 300 ## - PHYSICAL DESCRIPTION | |
| Extent | xix, 298 p., [8] p. of plates : |
| Other physical details | ill. ; |
| Dimensions | 21 cm. |
| 500 ## - GENERAL NOTE | |
| General note | Includes index. |
| 600 00 - SUBJECT ADDED ENTRY--PERSONAL NAME | |
| Personal name | Black Elk, |
| Dates associated with a name | 1863-1950. |
| 650 #0 - SUBJECT ADDED ENTRY--TOPICAL TERM | |
| Topical term or geographic name entry element | Oglala Indians |
| Form subdivision | Biography. |
| Topical term or geographic name entry element | Oglala Indians |
| General subdivision | Religion. |
| Topical term or geographic name entry element | Teton Indians. |
| 700 1# - ADDED ENTRY--PERSONAL NAME | |
| Personal name | Neihardt, John Gneisenau, |
| Dates associated with a name | 1881-1973. |
| Withdrawn status | Lost status | Source of classification or shelving scheme | Damaged status | Not for loan | Collection code | Home library | Current library | Shelving location | Date acquired | Serial Enumeration / chronology | Inventory number | Total Checkouts | Total Renewals | Full call number | Barcode | Date last seen | Date last checked out | Price effective from | Koha item type |
|---|---|---|---|---|---|---|---|---|---|---|---|---|---|---|---|---|---|---|---|
| Dewey Decimal Classification | Main TEST | RTC Library | RTC Library | Main opac | 14/04/2023 | 1326 | 1 | 1 | 920 NEI | 30001376 | 01/05/2023 | 14/04/2023 | 27/11/2018 | Main |